000 00488nam a22001817a 4500
003 UA-OsUOA
001 9753
007 ta
008 20041130b un ||||| |||| 00| 0 ukr d
100 _aПалій Ліда
942 _cSA
040 _aUA-OsUOA
_cUA-OsUOA
_dUA-OsUOA
245 _aДитинство , заметене часом
300 _aС.68-75
955 _a0
773 0 _w0
_tСучасність
_dКиїв
_d2004
_g№11
650 7 _aХудожня література
_2UDC
999 _c295914
_d295914